00645 2200181 4500245004700000020002200047250001100069100001400080700001700094650001900111005001900130260003200149041001400181084001000195300002800205500022100233336000900454 aAllah Sangat MenyayangimucRetno D.NhText a978-623-7046-04-2 aCet. 3 aRetno D.N aZhivana A.U. aMotivasi Islam a20241014145642 aYogyakartabChecklistc2024 aIndonesia a297.5 aviii, 184 hlm. :cilus. aBuku ini mengulas betapa manusia sebagai makhluk yang lemah sangat dekat dengan depresi, stres, dan masalah psikis lainnya. Diharapkan buku ini dapat menjadi pengingat bahwa sejatinya Allah sangat menyayangi manusia. atext